MARC

Tag First Indicator Second Indicator Subfields
LEADER 00000cam a2200000 a 4500
001 in00002363741
005 20230417151940.5
008 080314s2008 waua b 101 0 eng d
020 |a 9780819470027 
020 |a 0819470023 
035 |a (OCoLC)ocn213397515 
040 |a LHL  |c LHL  |d TXA  |d UtOrBLW 
049 |a TXAM 
090 |a TA1630  |b .Q38 2008 
245 0 0 |a Quantum optics, optical data storage, and advanced microlithography :  |b 12-14 November 2007, Beijing, China /  |c Guangcan Guo [and others], editors ; sponsored by SPIE [and] COS--Chinese Optical Society ; cooperating organizations, OSJ--Optical Society of Japan [and others] ; supporting organizations, CAST--China Association for Science and Technology (China), NNSF--National Nature Science Foundation (China) [and] the Ministry of Science and Technology (China) ; published by SPIE. 
264 1 |a Bellingham, Washington :  |b SPIE,  |c [2008] 
264 4 |c ©2008 
300 |a 1 volume (various pagings) :  |b illustrations ;  |c 28 cm. 
336 |a text  |b txt  |2 rdacontent 
337 |a unmediated  |b n  |2 rdamedia 
338 |a volume  |b nc  |2 rdacarrier 
490 1 |a Proceedings / SPIE--the International Society for Optical Engineering ;  |v v. 6827 
500 |a Previous conferences entitled: Quantum optics in computing and communications and Quantum optics and applications in computing and communications. 
504 |a Includes bibliographical references and index. 
650 0 |a Optical data processing  |v Congresses. 
650 0 |a Optical communications  |v Congresses. 
650 0 |a Quantum optics  |v Congresses. 
700 1 |a Guo, Guang-can. 
710 2 |a Society of Photo-optical Instrumentation Engineers. 
710 2 |a Zhongguo guang xue xue hui. 
710 2 |a Nihon Kōgakkai (Ōyō Butsuri Gakkai) 
710 2 |a Zhongguo ke xue ji shu xie hui. 
710 2 |a Guo jia zi ran ke xue ji jin wei yuan hui (China) 
710 1 |a China.  |b Guo jia ke xue ji shu bu. 
830 0 |a Proceedings of SPIE--the International Society for Optical Engineering ;  |v v. 6827. 
856 4 1 |u https://www.spiedigitallibrary.org/conference-proceedings-of-SPIE/6827.toc?SSO=1  |t 0 
948 |a cataloged  |b h  |c 2008/3/18  |d c  |e dmitchel  |f 9:10:20 am 
994 |a C0  |b TXA 
999 |a MARS 
999 f f |s 00a44843-8443-3ff2-a509-e8643138e05a  |i 200549db-6f38-3d68-af8e-9adb0ae1984f  |t 0 
952 f f |p ric  |a Texas A&M University  |b Rellis Campus  |c Joint Library Facility  |d Remote Storage  |t 0  |e TA1630 .Q38 2008  |h Library of Congress classification  |i unmediated -- volume  |m A14836943259 
998 f f |a TA1630 .Q38 2008  |t 0  |l Remote Storage